[Event "Deltalift op"]
[Site "Tylosand"]
[Date "2017.05.26"]
[Round "5"]
[White "Nilsson, Patrik"]
[Black "Brynell, Stellan"]
[Result "1/2-1/2"]
[WhiteElo "2114"]
[BlackElo "2430"]
[PlyCount "113"]
[EventDate "2017.05.25"]
[EventType "swiss"]
[EventRounds "8"]
[EventCountry "SWE"]
[SourceTitle "CBM 178 Extra"]
[Source "ChessBase"]
[SourceDate "2017.06.22"]
[SourceVersion "1"]
[SourceVersionDate "2017.06.22"]
[SourceQuality "1"]

1. e4 e6 2. d4 d5 3. exd5 exd5 4. c4 Bb4+ 5. Nc3 Ne7 6. a3 Bxc3+ 7. bxc3 0-0 8. Nf3 Nbc6 9. Be2 Bg4 10. 0-0 Na5 11. cxd5 Nxd5 12. Qc2 Bh5 13. c4 Nf6 14. Bd2 Nc6 15. d5 Bxf3 16. Bxf3 Nd4 17. Qd3 Nxf3+ 18. Qxf3 Re8 19. Bg5 Qd6 20. Bxf6 Qxf6 21. Qxf6 gxf6 22. Rfe1 Kf8 23. Kf1 Re5 24. Re3 c6 25. dxc6 bxc6 26. Rxe5 fxe5 27. Rd1 Ke7 28. Rb1 Rd8 29. Ke2 Rd4 30. Rb4 Ke6 31. Ra4 h5 32. g3 h4 33. Ke3 h3 34. f4 f6 35. fxe5 fxe5 36. Rxa7 Rxc4 37. Rh7 Kd5 38. Rxh3 Rc3+ 39. Kf2 Rxa3 40. Rh8 c5 41. h4 Ke4 42. Rc8 Ra2+ 43. Ke1 Ke3 44. Kd1 Ra1+ 45. Kc2 e4 46. Rxc5 Rh1 47. h5 Kf3 48. Rf5+ Ke2 49. Re5 e3 50. Kc3 Rg1 51. Kd4 Rxg3 52. h6 Rg4+ 53. Re4 Rxe4+ 54. Kxe4 Kd2 55. h7 e2 56. h8Q e1Q+ 57. Kd5 1/2-1/2

[Event "Deltalift op"]
[Site "Tylosand"]
[Date "2017.05.25"]
[Round "4"]
[White "Akesson, Ralf"]
[Black "Nilsson, Patrik"]
[Result "1-0"]
[WhiteElo "2460"]
[BlackElo "2114"]
[PlyCount "79"]
[EventDate "2017.05.25"]
[EventType "swiss"]
[EventRounds "8"]
[EventCountry "SWE"]
[SourceTitle "CBM 178 Extra"]
[Source "ChessBase"]
[SourceDate "2017.06.22"]
[SourceVersion "1"]
[SourceVersionDate "2017.06.22"]
[SourceQuality "1"]

1. d4 f5 2. Nc3 Nf6 3. Bg5 d5 4. Bxf6 exf6 5. e3 Be6 6. Bd3 Nc6 7. Nge2 Nb4 8. Nf4 Nxd3+ 9. Qxd3 Kf7 10. Qb5 Rb8 11. Ncxd5 Bxd5 12. Qxd5+ Qxd5 13. Nxd5 Bd6 14. c4 c6 15. Nc3 Rhe8 16. g3 g5 17. c5 Bc7 18. h4 Kg6 19. Kd2 Rbd8 20. f4 h6 21. b4 b6 22. Kd3 bxc5 23. bxc5 Ba5 24. Na4 Re4 25. Nb2 Bc7 26. Rab1 Rd7 27. h5+ Kf7 28. Rhf1 gxf4 29. gxf4 Bd8 30. Nc4 Be7 31. Kc3 Bf8 32. Rb8 Be7 33. Rfb1 Bf8 34. R1b7 Rxb7 35. Rxb7+ Re7 36. Nd6+ Ke6 37. Rb8 Bg7 38. Kc4 Rc7 39. a4 Re7 40. a5 1-0

[Event "Deltalift op"]
[Site "Tylosand"]
[Date "2017.05.25"]
[Round "3"]
[White "Nilsson, Patrik"]
[Black "Ziegler, Ari"]
[Result "1-0"]
[WhiteElo "2114"]
[BlackElo "2317"]
[PlyCount "117"]
[EventDate "2017.05.25"]
[EventType "swiss"]
[EventRounds "8"]
[EventCountry "SWE"]
[SourceTitle "CBM 178 Extra"]
[Source "ChessBase"]
[SourceDate "2017.06.22"]
[SourceVersion "1"]
[SourceVersionDate "2017.06.22"]
[SourceQuality "1"]

1. e4 g6 2. d4 Bg7 3. Nf3 d6 4. Nc3 Nf6 5. Bc4 0-0 6. 0-0 Nxe4 7. Nxe4 d5 8. Bd3 dxe4 9. Bxe4 Nd7 10. c3 Nf6 11. Bd3 b6 12. Ne5 Bb7 13. Be2 Nd7 14. Nxd7 Qxd7 15. Bf3 Bxf3 16. Qxf3 c5 17. dxc5 bxc5 18. Bg5 e6 19. Rad1 Qb5 20. Rd2 c4 21. h4 Rac8 22. Rfd1 h6 23. Be7 Rfe8 24. Ba3 Rc7 25. Rd8 Rxd8 26. Rxd8+ Kh7 27. Qe4 Qf5 28. Qxf5 gxf5 29. h5 Bf6 30. Rd1 Kg7 31. f4 Bh4 32. Kh2 Bf6 33. Kg3 Rc6 34. Kf3 Ra6 35. Ke3 Bxc3 36. Rc1 Ba5 37. Rxc4 Bb6+ 38. Kf3 Ra5 39. Rc8 Rd5 40. Bf8+ Kh7 41. Be7 Rd3+ 42. Ke2 Rg3 43. Kf1 Bd4 44. b3 Rg4 45. Bd6 Rh4 46. g3 Rxh5 47. Kg2 Kg6 48. Rc4 Bb6 49. a4 f6 50. b4 e5 51. a5 Bd4 52. b5 Be3 53. fxe5 fxe5 54. Bc5 f4 55. Bxe3 fxe3 56. Rc6+ Kf5 57. Kf3 e2 58. g4+ Kg5 59. Rg6+ 1-0

[Event "Gothenburg op"]
[Site "Gothenburg"]
[Date "2016.08.21"]
[Round "8"]
[White "Nilsson, Patrik"]
[Black "Efroimski, Marsel"]
[Result "0-1"]
[WhiteElo "2150"]
[BlackElo "2329"]
[PlyCount "96"]
[EventDate "2016.08.19"]
[EventType "swiss"]
[EventRounds "8"]
[EventCountry "SWE"]
[SourceTitle "CBM 174 Extra"]
[Source "ChessBase"]
[SourceDate "2016.10.10"]
[SourceVersion "1"]
[SourceVersionDate "2016.10.10"]
[SourceQuality "1"]

1. e4 c6 2. d4 d5 3. e5 c5 4. dxc5 Nc6 5. Bb5 e6 6. Be3 Bd7 7. Bxc6 Bxc6 8. c3 Ne7 9. Ne2 Nf5 10. Bd4 Nxd4 11. cxd4 b6 12. cxb6 Qxb6 13. Qc2 Be7 14. 0-0 0-0 15. Nd2 Rab8 16. Nf3 Rfc8 17. Rfb1 Be8 18. Nc3 f6 19. exf6 Bxf6 20. Qd2 Bg6 21. Re1 Qxb2 22. Qxb2 Rxb2 23. Rac1 Rc2 24. Rxc2 Bxc2 25. Re3 Bf5 26. h3 h5 27. Kh2 Rc4 28. Ne2 Rc2 29. a3 Be7 30. Ne5 Bd6 31. Ng3 Rxf2 32. Nxf5 Rxf5 33. Rb3 Bxe5+ 34. dxe5 Rxe5 35. Rb8+ Kf7 36. Rb7+ Kf6 37. Rxa7 h4 38. a4 Re1 39. a5 Ra1 40. a6 d4 41. Rd7 e5 42. a7 g5 43. g4 Ke6 44. Rb7 d3 45. Rb3 e4 46. Kg2 Rxa7 47. Rb2 Ke5 48. Kf2 Kf4 0-1

[Event "Gothenburg op"]
[Site "Gothenburg"]
[Date "2016.08.19"]
[Round "2"]
[White "Nilsson, Patrik"]
[Black "Blomqvist, Erik"]
[Result "0-1"]
[WhiteElo "2150"]
[BlackElo "2557"]
[PlyCount "116"]
[EventDate "2016.08.19"]
[EventType "swiss"]
[EventRounds "8"]
[EventCountry "SWE"]
[SourceTitle "CBM 174 Extra"]
[Source "ChessBase"]
[SourceDate "2016.10.10"]
[SourceVersion "1"]
[SourceVersionDate "2016.10.10"]
[SourceQuality "1"]

1. f4 g6 2. Nf3 Bg7 3. g3 c6 4. Bg2 Qb6 5. Nc3 d5 6. e3 Nd7 7. 0-0 Nh6 8. d3 Nf5 9. Qe1 h5 10. Kh1 h4 11. g4 h3 12. Bxh3 Rxh3 13. gxf5 gxf5 14. Qe2 Nf8 15. Qg2 Rh7 16. Rg1 Ng6 17. Bd2 Be6 18. Rab1 0-0-0 19. d4 Qa6 20. Be1 Rdh8 21. Bg3 Bf6 22. Qe2 Qxe2 23. Nxe2 b6 24. b4 Rh5 25. Nc1 Kc7 26. Nd3 Bc8 27. a4 Bb7 28. Rb2 Rc8 29. Rc1 Kd7 30. Kg1 Rhh8 31. Nde5+ Bxe5 32. Nxe5+ Nxe5 33. fxe5 Ke6 34. Kf2 Rc7 35. a5 bxa5 36. bxa5 Ba6 37. Rcb1 c5 38. c3 cxd4 39. cxd4 Rhc8 40. Kf3 Bd3 41. Rd1 Bc2 42. Rd2 Be4+ 43. Ke2 Rc6 44. Rb7 Ra6 45. Ra2 Rc4 46. Be1 f4 47. exf4 f6 48. exf6 exf6 49. Bd2 Kf5 50. Ke3 Re6 51. Kf2 a6 52. Be3 Rc3 53. Rb6 Re8 54. Re2 Bd3 55. Re1 Rc2+ 56. Kg3 Rg8+ 57. Kh3 Rh8+ 58. Kg3 Rcxh2 0-1

[Event "Deltalift op"]
[Site "Tylosand"]
[Date "2016.05.05"]
[Round "2"]
[White "Haugland, Rasmus L"]
[Black "Nilsson, Patrik"]
[Result "0-1"]
[WhiteElo "1936"]
[BlackElo "2155"]
[PlyCount "56"]
[EventDate "2016.05.05"]
[EventType "swiss"]
[EventRounds "8"]
[EventCountry "SWE"]
[SourceTitle "CBM 172 Extra"]
[Source "ChessBase"]
[SourceDate "2016.06.21"]
[SourceVersion "1"]
[SourceVersionDate "2016.06.21"]
[SourceQuality "1"]

1. d4 f5 2. Nc3 d5 3. f3 Nf6 4. Bg5 Nc6 5. Qd2 e6 6. a3 Be7 7. 0-0-0 a6 8. Nh3 0-0 9. Nf2 b5 10. Na2 Rb8 11. Nb4 Nxb4 12. axb4 a5 13. bxa5 b4 14. Nd3 c5 15. dxc5 Qxa5 16. Qf4 Ba6 17. Qe5 Bxd3 18. exd3 Kh8 19. Be2 b3 20. c4 Ng4 21. Bxe7 Nxe5 22. Bxf8 Rxf8 23. d4 Qa1+ 24. Kd2 Qxb2+ 25. Ke3 Qc3+ 26. Kf2 Nxc4 27. Bxc4 Qxc4 28. Rhe1 b2 0-1

[Event "Deltalift op"]
[Site "Tylosand"]
[Date "2016.05.05"]
[Round "3"]
[White "Nilsson, Patrik"]
[Black "Johansson, Linus"]
[Result "0-1"]
[WhiteElo "2155"]
[BlackElo "2427"]
[PlyCount "58"]
[EventDate "2016.05.05"]
[EventType "swiss"]
[EventRounds "8"]
[EventCountry "SWE"]
[SourceTitle "CBM 172 Extra"]
[Source "ChessBase"]
[SourceDate "2016.06.21"]
[SourceVersion "1"]
[SourceVersionDate "2016.06.21"]
[SourceQuality "1"]

1. e4 e6 2. d4 d5 3. e5 c5 4. c3 Qb6 5. Nf3 Nc6 6. Bd3 cxd4 7. 0-0 Bd7 8. a3 Nge7 9. b4 Ng6 10. Re1 Be7 11. Bb2 Nf4 12. Bf1 0-0 13. g3 Ng6 14. h4 Rfc8 15. cxd4 Na5 16. h5 Nf8 17. Bd3 Nc4 18. Bc1 a5 19. bxa5 Rxa5 20. Bg5 Nb2 21. Qd2 Nxd3 22. Bxe7 Nxe1 23. Qxe1 Ra4 24. Qe3 Qb2 25. Nbd2 Qxa1+ 26. Kg2 Rxa3 27. Qf4 Rxf3 28. Nxf3 Qb1 29. Ng5 Qf5 0-1